000 00469nam a2200157 i 4500
001 127617
003 ES-MaACL
005 20230906193040.0
008 070214s1922 sp a |||| | spa d
100 1 _aRius Miró, Antonio.
_997518
245 1 0 _aIntroducción a la electroquímica /
_cpor el Dr. Antonio Rius y Miró.
260 _aMadrid :
_bCalpe,
_c1922.
300 _a371 p. :
_bil. ;
_c22 cm.
650 0 4 _aElectroquímica.
_912168
852 _aES-MaACL
_jB-12470
999 _c127617
_d127617